000 00539 a2200169 4500
999 _c10201
_d10201
020 _a9781783445073
050 _aPZ23 NIE 2017
100 _aNielsen-Fernlund, Susin,
_d1964
_eauthor
245 _aOptimists die first /
_cSusin Nielsen-Fernlund
264 _aLondon :
_bAndersen Press,
_c♭2017
300 _a258 pages ; 23 cm
500 _aNominated for CILIP Carnegie Medal 2018 (UK)
650 _aFear -- Juvenile fiction.
650 _aFriendship -- Juvenile fiction
650 _aRomance fiction.
942 _2lcc
_cBK
_h23
_iNIE
_kPZ